| 000 | 01000nam a2200277Ia 4500 | ||
|---|---|---|---|
| 001 | Para_10370 | ||
| 003 | CHAP | ||
| 008 | 220125sDici xx 000 0 und d | ||
| 010 | _a209046 | ||
| 040 | _cCHAP | ||
| 090 | _aPA CD - TESIS 399 | ||
| 100 |
_aArias Hernández, Saúl _9129076 |
||
| 245 |
_aManejo de Leptochloa virgata resistente a glifosato en cítricos en San José Acateno, Puebla, Méx. / _c Saúl Arias Hernández; Director José Alfredo Domínguez Valenzuela |
||
| 260 |
_aChapingo, Méx. : _b el autor |
||
| 300 | _a1 CDS ROM (44 p.) | ||
| 502 | _aTesis (Ing. Agr. Esp. en Parasitología Agrícola). UACh. Departamento Parasitología Agrícola | ||
| 700 |
_aDomínguez Valenzuela, José Alfredo. Director _9175113 |
||
| 710 | _aUACh Departamento Parasitología Agrícola | ||
| 901 | _aPA CD - TESIS 399 | ||
| 902 | _aM | ||
| 905 | _a513220Diciembre, 2014 nm 8100000000 06 | ||
| 910 | _aDici | ||
| 942 | _cPARA | ||
| 942 |
_cPARA _d2 |
||
| 999 |
_c209046 _d209046 |
||